ბათუმის შოთა რუსთაველის სახელმწიფო უნივერსიტეტის ბიბლიოთეკა

მცენარეთა უმთავრესი დაავადებების კვლევის მეთოდები. (ბიბ.ჩანაწერი № 35382)

000 -LEADER
fixed length control field 01070nam a2200229Ia 4500
001 - CONTROL NUMBER
control field 1235
003 - CONTROL NUMBER IDENTIFIER
control field GE_BSU
008 - FIXED-LENGTH DATA ELEMENTS--GENERAL INFORMATION
fixed length control field 181216s||||||||xx |||||||||||||| ||und||
040 ## - CATALOGING SOURCE
Transcribing agency GE_BSU
080 ## - UNIVERSAL DECIMAL CLASSIFICATION NUMBER
Universal Decimal Classification number 581.2
100 ## - MAIN ENTRY--PERSONAL NAME
Personal name დავითაძე მურამან,შაინიძე ოთარ.
245 ## - TITLE STATEMENT
Title მცენარეთა უმთავრესი დაავადებების კვლევის მეთოდები.
245 ## - TITLE STATEMENT
Remainder of title მეთოდური მითითებები სასწავლო-საველე პრაქტიკისათვის.
260 ## - PUBLICATION, DISTRIBUTION, ETC.
Place of publication, distribution, etc. ბათუმი.
260 ## - PUBLICATION, DISTRIBUTION, ETC.
Name of publisher, distributor, etc. უნივერსიტეტის გამომცემლობა.
260 ## - PUBLICATION, DISTRIBUTION, ETC.
Date of publication, distribution, etc. 1999.
300 ## - PHYSICAL DESCRIPTION
Extent 17გვ.20სმ.
653 ## - INDEX TERM--UNCONTROLLED
Uncontrolled term მცენარეთა დაავადებები.
653 ## - INDEX TERM--UNCONTROLLED
Uncontrolled term მცენარეთა უმთავრესი დაავადებების კვლევის მეთოდები.
942 ## - ADDED ENTRY ELEMENTS (KOHA)
Koha item type წიგნი
ეგზემპლარები
Withdrawn status Lost status Damaged status Not for loan Date acquired Barcode Date last seen Price effective from Koha item type
        2018-12-17 2827 2018-12-17 2018-12-17 წიგნი
        2018-12-17 2826 2018-12-17 2018-12-17 წიგნი